000 01316nam a2200349Ia 4500
001 ebr10661924
003 CaPaEBR
006 m o u
007 cr cn|||||||||
008 121119r20131997cau s 000 0 eng d
020 _z9780520276024 (Paper)
020 _z0520276027 (Paper)
020 _z9780520955363
040 _aCaPaEBR
_cCaPaEBR
035 _a(OCoLC)847200013
050 1 4 _aDS778.7
_b.Y42 2013eb
082 0 4 _a951.05092/2
_aB
_223
100 1 _aYang, Rae.
245 1 0 _aSpider eaters
_h[electronic resource] :
_ba memoir /
_cRae Yang.
250 _a15th anniversary ed.
260 _aBerkeley :
_bUniversity of California Press,
_cc2013.
300 _axvii, 285 p.
533 _aElectronic reproduction.
_bPalo Alto, Calif. :
_cebrary,
_d2013.
_nAvailable via World Wide Web.
_nAccess may be limited to ebrary affiliated libraries.
600 3 0 _aYang family.
600 1 0 _aYang, Rae,
_d1950-
650 0 _aPolitical refugees
_zUnited States
_vBiography.
651 0 _aBeijing (China)
_vBiography.
651 0 _aChina
_xHistory
_yCultural Revolution, 1966-1976
_vPersonal narratives.
655 7 _aElectronic books.
_2local
710 2 _aebrary, Inc.
856 4 0 _uhttp://site.ebrary.com/lib/rucke/Doc?id=10661924
_zAn electronic book accessible through the World Wide Web; click to view
999 _c68753
_d68753